Comunidad europea y la protección del medio ambiente, Baeza 15-16 de Junio de 1998 (Registro nro. 1270)

Detalles MARC
000 -CABECERA
Campo de control 00685nam a2200229 a 4500
005 - FECHA Y HORA DE LA ULTIMA TRANSACCION
Campo de control 20191224041558.0
008 - ELEMENTOS DE LONGITUD FIJA—INFORMACION GENERAL
Campo de control 140226b1998 sp ||||gr|||| 00| 0 spa d
040 ## - FUENTE DE CATALOGACIÓN
Agencia catalogadora original CO-BoIAVH
Agencia transcriptora CO-BoIAVH
041 ## - IDIOMA
Código de idioma para texto/pista de sonido o título separado Español
044 ## - PAÍS DE PUBLICACIÓN
País de publicación España
082 ## - NUMERO DE CLASIFICACION DECIMAL DEWEY
Número de clasificación 344.046
Número del ítem P72l
100 ## - ASIENTO PRINCIPAL--NOMBRE PERSONAL
Nombre personal Plaza, C.
245 ## - MENCION DE TITULO
Título Comunidad europea y la protección del medio ambiente, Baeza 15-16 de Junio de 1998
260 ## - PUBLICACION, DISTRIBUCION, ETC. (PIE DE IMPRENTA)
Lugar de publicación, distribución, etc. Baeza
Nombre del editor, distribuidor, etc. No Importado
Fecha de publicación, distribución, etc. 1998
300 ## - DESCRIPCION FISICA
Extensión 100 p.
650 ## - ASIENTO SECUNDARIO DE MATERIA - TERMINO TEMATICO
Término temático o nombre geográfico como elemento de entrada Comunidad Europea
650 ## - ASIENTO SECUNDARIO DE MATERIA - TERMINO TEMATICO
Término temático o nombre geográfico como elemento de entrada Legislación ambiental
650 ## - ASIENTO SECUNDARIO DE MATERIA - TERMINO TEMATICO
Término temático o nombre geográfico como elemento de entrada Participación comunitaria
650 ## - ASIENTO SECUNDARIO DE MATERIA - TERMINO TEMATICO
Término temático o nombre geográfico como elemento de entrada Convenios internacionales
700 ## - ASIENTO SECUNDARIO - NOMBRE PERSONAL
Nombre personal Somsen, H.
942 ## - ELEMENTOS ADICIONALES (KOHA)
Tipo de ítem Impreso
Sistema de clasificación Local
Existencias
Withdrawn status Lost status Sistema de Clasificación Damaged status No para préstamo Colección Inventariado Ubicación Permanente Ubicación actual Fecha de adquisición Fuente de Valor Valor Total Checkouts Número topográfico Inventario / Código de Barras Date last seen Ejemplar Price effective from Forma de adquisición Tipo de material
    Dewey Decimal Classification     General Inventariado 2017 Bogotá Bogotá 01/05/1999 Franco, Ana María 39000.00   LB-344.046 P72l 001708 04/12/2012 Ej. 1 04/12/2012   Libro